000 00535nam a2200181 i 4500
001 31349
003 ES-MaACL
005 20230906154350.0
007 t|
008 030129s1976 sp ||||1| spa d
100 1 _aBaudez, Claude.
_926519
245 1 0 _aAmérica Central /
_cClaude Baudez ; traducción de Dolores Sánchez de Aleu.
250 _a[1ª ed.].
260 _aBarcelona :
_bJuventud,
_c[1976]
300 _a264 p., 68 lám. ;
_c24 cm.
700 1 _aSánchez Aleu, Dolores.
_9174488
852 _aES-MaACL
_jA-7071
_bR.96017
999 _c31349
_d31349